Administración moderna de cooperativas / (Registro nro. 7778)
[ vista simple ]
| 000 -LEADER | |
|---|---|
| fixed length control field | 01585nam a2200241Ia 4500 |
| 003 - CONTROL NUMBER IDENTIFIER | |
| control field | OSt |
| 005 - DATE AND TIME OF LATEST TRANSACTION | |
| control field | 20210518095606.0 |
| 008 - FIXED-LENGTH DATA ELEMENTS--GENERAL INFORMATION | |
| fixed length control field | 210310s1973 mx gr 001 0 spa d |
| 040 ## - CATALOGING SOURCE | |
| Original cataloging agency | CO-JMCR |
| Transcribing agency | CO-JMCR |
| 041 1# - LANGUAGE CODE | |
| Language code of text/sound track or separate title | spa |
| Language code of original | eng |
| 082 04 - DEWEY DECIMAL CLASSIFICATION NUMBER | |
| Classification number | 334.068 / |
| Item number | C778a |
| Edition number | 23 |
| 110 2# - MAIN ENTRY--CORPORATE NAME | |
| Corporate name or jurisdiction name as entry element | The Cooperative League of the E.U.A. |
| 9 (RLIN) | 37662 |
| 245 10 - TITLE STATEMENT | |
| Title | Administración moderna de cooperativas / |
| Statement of responsibility, etc. | The Cooperative League of the E.U.A. |
| 260 ## - PUBLICATION, DISTRIBUTION, ETC. | |
| Place of publication, distribution, etc. | México : |
| Name of publisher, distributor, etc. | Editorial Roble : Centro regional de Ayuda Técnica Agencia para el Desarrollo Internacional (A.I.D), |
| Date of publication, distribution, etc. | 1973 |
| 300 ## - PHYSICAL DESCRIPTION | |
| Extent | xvi, 609 páginas ; |
| Dimensions | 22 cm. |
| 500 ## - GENERAL NOTE | |
| General note | Incluye índice analítico.<br/>Título original: A Guide to modern management for cooperatives |
| 504 ## - BIBLIOGRAPHY, ETC. NOTE | |
| Bibliography, etc. note | Bibliografía: páginas 558-563 |
| 505 0# - FORMATTED CONTENTS NOTE | |
| Formatted contents note | ¿Qué es la administración moderna? -- Planteamiento: cómo se hace -- Planteamiento: objetivos y metas -- Políticas de planeamiento -- Organización de la estructura de la empresa -- Organización del personal superior -- Dirección del personal superior -- Coordinación de las operaciones -- Coordinación del personal -- Control -- Puntos de vista de la administración eficaz -- Características personales del ejecutivo -- Administración y desarrollo de sí mismo -- Auditoría y evaluación de la administración -- Relaciones entre administrador y junta directiva de las cooperativas -- Mantenimiento de buenas relaciones públicas -- Administración financiera |
| 546 ## - LANGUAGE NOTE | |
| Language note | Traducido del inglés. |
| 650 14 - SUBJECT ADDED ENTRY--TOPICAL TERM | |
| Topical term or geographic name entry element | Cooperativas |
| 9 (RLIN) | 15432 |
| General subdivision | Administración |
| 650 24 - SUBJECT ADDED ENTRY--TOPICAL TERM | |
| Topical term or geographic name entry element | Cooperativas |
| 9 (RLIN) | 37663 |
| 942 ## - ADDED ENTRY ELEMENTS (KOHA) | |
| Source of classification or shelving scheme | Dewey Decimal Classification |
| Koha item type | Books |
| Withdrawn status | Lost status | Source of classification or shelving scheme | Damaged status | Not for loan | Collection code | Home library | Current library | Date acquired | Source of acquisition | Full call number | Barcode | Date last seen | Copy number | Koha item type |
|---|---|---|---|---|---|---|---|---|---|---|---|---|---|---|
| Dewey Decimal Classification | Non-fiction | Biblioteca Pública José María del Castillo y Rada | Biblioteca Pública José María del Castillo y Rada | 04/15/2018 | Donación | 334.068 / C778a | 430003717 | 05/16/2024 | Ej.1 | Books |